00829nam a2200241Ia 4500001000600000003000900006008004100015040001300056040001300069041001300082100001400095100002900109245002500138245009800163250001100261260000900272260003700281260004900318300005700367500010200424650003000526650003100556B4533IT-RoPAU130308s9999 xx 000 0 und d aIT-RoPAU cIT-RoPAU aITALIANO aPaolo VI  gCodice Aut. SPICS: 2894 aVoi siete delle voci bInformazione e Territorio-I venticinque Anni della federazione Italiana settimanali Cattolici a1a ed. aROMA bFederaz. Ital. Settim. Cattolici c1992 [1° Ed.:1992 - Ed.Ling.Originale:1992] a"8 p. (prefazione: no ; testo: 8 [pagine: 157-164])" aVoce di una Genet Viva. Stampa a torto Definita Minore. dovere di Qualificare Il vostro Servizio. aGENERI DI STAMPA DI MASSA eCodice materia Spics: 6660